Prénoms féminins qui sont des fleurs ou des fruits - Statistiques

Statistiques générales
  • Ce quiz a été pris 204 fois
    198 depuis la dernière actualisation
  • Le résultat moyen est 12 sur 28
Statistiques - réponses
Hint Réponse % Correct
Ro Rose
89%
Ir Iris
79%
Vi Violette
62%
Eg Eglantine
61%
Ja Jasmine
61%
Cl Clémentine
57%
Pr Prune
57%
Li Lila
53%
Ma Marguerite
53%
Da Dahlia
48%
Ce Cerise
47%
Po Pomme
47%
Ho Hortense
46%
Az Azalée
42%
My Myrtille
42%
Ol Olivia
41%
Pétunia
39%
Véronique
39%
Am Amandine
31%
Ca Camélia
31%
An Anémone
29%
Ca Capucine
29%
Su Suzanne
26%
Ja Jacinthe
21%
Li Lily
21%
Ga Garance
20%
Ma Marjolaine
4%
Pi Pimprenelle
3%
Aucun quiz correspondant
Distribution des résultats
% des personnes avec chaque résultat
Percentile par nombre de réponses
Votre historique - résultats
Vous n’avez pas pris ce quiz depuis la dernière actualisation